The making of modern Afghanistan / (Record no. 15468)

000 -LEADER
fixed length control field 01181cam a2200325 a 4500
001 - CONTROL NUMBER
control field 17383878
005 - DATE AND TIME OF LATEST TRANSACTION
control field 20170105102918.0
008 - FIXED-LENGTH DATA ELEMENTS--GENERAL INFORMATION
fixed length control field 120712r20122008nyub b 001 0 eng
010 ## - LIBRARY OF CONGRESS CONTROL NUMBER
LC control number 2012374426
020 ## - INTERNATIONAL STANDARD BOOK NUMBER
International Standard Book Number 9780230302372 (pbk.)
040 ## - CATALOGING SOURCE
Original cataloging agency DLC
Transcribing agency DLC
042 ## - AUTHENTICATION CODE
Authentication code pcc
043 ## - GEOGRAPHIC AREA CODE
Geographic area code a-af----
-- e-uk---
050 00 - LIBRARY OF CONGRESS CALL NUMBER
Classification number DS361
Item number .H67 2012
082 00 - DEWEY DECIMAL CLASSIFICATION NUMBER
Classification number 958.1/03
Edition number 22
100 1# - MAIN ENTRY--PERSONAL NAME
Personal name Hopkins, B. D.,
Dates associated with a name 1978-
245 14 - TITLE STATEMENT
Title The making of modern Afghanistan /
Statement of responsibility, etc. B.D. Hopkins.
260 ## - PUBLICATION, DISTRIBUTION, ETC.
Place of publication, distribution, etc. New York :
Name of publisher, distributor, etc. Palgrave Macmillan,
Date of publication, distribution, etc. 2012.
300 ## - PHYSICAL DESCRIPTION
Extent xix, 259 p. :
Other physical details maps ;
Dimensions 23 cm.
490 1# - SERIES STATEMENT
Series statement Cambridge imperial and post-colonial studies series
500 ## - GENERAL NOTE
General note Reprint. Originally published in 2008.
500 ## - GENERAL NOTE
General note Based on the author's doctoral dissertation, University of Cambridge.
504 ## - BIBLIOGRAPHY, ETC. NOTE
Bibliography, etc. note Includes bibliographical references and index.
610 20 - SUBJECT ADDED ENTRY--CORPORATE NAME
Corporate name or jurisdiction name as entry element East India Company
General subdivision History.
651 #0 - SUBJECT ADDED ENTRY--GEOGRAPHIC NAME
Geographic name Afghanistan
General subdivision History
Chronological subdivision 19th century.
830 #0 - SERIES ADDED ENTRY--UNIFORM TITLE
Uniform title Cambridge imperial and post-colonial studies series.
906 ## - LOCAL DATA ELEMENT F, LDF (RLIN)
a 7
b cbc
c origcop
d 2
e ncip
f 20
g y-gencatlg
942 ## - ADDED ENTRY ELEMENTS (KOHA)
Source of classification or shelving scheme
Koha item type Book
Holdings
Withdrawn status Lost status Damaged status Not for loan Collection code Permanent Location Current Location Shelving location Date acquired Total Checkouts Full call number Barcode Date last seen Price effective from Koha item type
          Centre for International Peace & Stability (CIPS) Centre for International Peace & Stability (CIPS) General Stacks 10/02/2013   958.103 HOP 2012 CIPS0002215 12/03/2013 12/03/2013 Book
© 2023 Central Library, National University of Sciences and Technology. All Rights Reserved.